| 000 -LEADER | |
|---|---|
| fixed length control field | 00507nam a22001817a 4500 |
| 005 - DATE AND TIME OF LATEST TRANSACTION | |
| control field | 20240920154645.0 |
| 008 - FIXED-LENGTH DATA ELEMENTS--GENERAL INFORMATION | |
| fixed length control field | 240919b |||||||| |||| 00| 0 eng d |
| 020 ## - INTERNATIONAL STANDARD BOOK NUMBER | |
| ISBN | 978-93-6180-484-7 |
| 041 ## - LANGUAGE CODE | |
| Language code of text/sound track or separate title | eng |
| 082 ## - DEWEY DECIMAL CLASSIFICATION NUMBER | |
| Classification number | 362.178 |
| 100 ## - MAIN ENTRY--AUTHOR NAME | |
| Personal name | KUMAR, DR. VERENDRA AND ADKARPATIL, DR. PRAFULLA P. |
| 245 ## - TITLE STATEMENT | |
| Title | SOCIAL PHARMACY [D.PHARMA, 1ST SEMESTER] |
| 250 ## - EDITION STATEMENT | |
| Edition statement | 2ND ED. 2024 |
| 260 ## - PUBLICATION, DISTRIBUTION, ETC. (IMPRINT) | |
| Place of publication | LUCKNOW |
| Name of publisher | THAKUR PUBLICATION PVT.LTD |
| 300 ## - PHYSICAL DESCRIPTION | |
| Number of Pages | 615.321 |
| 650 ## - SUBJECT ADDED ENTRY--TOPICAL TERM | |
| Topical Term | PHARMACY |
| General subdivision | D.PHARMA |
| 942 ## - ADDED ENTRY ELEMENTS (KOHA) | |
| Koha item type | Books |
| Lost status | Damaged status | Collection code | Home library | Current library | Shelving location | Date acquired | Source of acquisition | Cost, normal purchase price | Serial Enumeration / chronology | Full call number | Accession Number | Koha item type |
|---|---|---|---|---|---|---|---|---|---|---|---|---|
| PHARMACY | JRU Library | JRU Library | SHELF-3-D | 03/09/2024 | PURCHASE | 270.00 | NEW ARRIVALS SHELF | 362.178 | 28543 | Books | ||
| PHARMACY | JRU Library | JRU Library | SHELF - 19 - I | 03/09/2024 | PURCHASE | 270.00 | 362.178 | 28544 | Books |